01068nab a22002417a 4500999001500000003000400015005001700019008004100036040000700077100003000084245005800114260007300172300001200245500004100257505017400298505009000472650003300562650002700595650002400622650002100646773014600667942001300813 c5412d5412OSt20250313093001.0190604e xxu||||| |||| 00| 0 spa d cPJ 96423aChiappini, Julio E.13aEl certiorari es inconstitucional /cJulio Chiappini. aCiudad Autónoma de Buenos Aires :bThomson Reuters La Ley, c2024. ap. 9-11 aCita Online: TR LALEY AR/DOC/934/24. aSumario: I. El art. 280 del Cód. Proc. Civil.— II. Las afirmaciones meramente dogmáticas.— III. La defensa en juicio y el debido proceso.— IV. ¿Qué hacer?  t¿Te interesa el texto completo? Solicitalo al correo: koha@justierradelfuego.gov.ar  092044aRECURSO EXTRAORDINARIO 09586aDEFENSA EN JUICIO 09180aDEBIDO PROCESO 092140aCERTIORARI0 0271493171dCiudad Autónoma de Buenos Aires : Thomson Reuters La Ley, 2014-tRevista anales de legislación argentina. Nº 7 - Junio 2024. 2udccANA